Lecturas medievales españolas
Salvato in:
| Autore principale: | |
|---|---|
| Natura: | Libro |
| Lingua: | spagnolo |
| Pubblicazione: |
Santiago
Zig.Zag
1941
|
| Serie: | Biblioteca Conocimientos
|
| Soggetti: | |
| Tags: |
Aggiungi Tag
Nessun Tag, puoi essere il primo ad aggiungerne!!
|
MARC
| LEADER | 00000nam a2200000 a 4500 | ||
|---|---|---|---|
| 001 | UCI5092 | ||
| 003 | CL-VaPUC | ||
| 008 | 080314e19410000CL |||||||||||||||||spa|d | ||
| 082 | 0 | 4 | |a 860.9 |b SCA |2 21 |
| 100 | 0 | |a Scarpa, Roque Esteban |e author |9 368404 | |
| 245 | 1 | 0 | |a Lecturas medievales españolas |
| 300 | |a 471 p | ||
| 942 | |c BK | ||
| 945 | |d 20080314 00:00:00 |a rbrito | ||
| 260 | |a Santiago |b Zig.Zag |c 1941 | ||
| 500 | |a Donación Padres Capuchinos | ||
| 650 | 0 | |a Literatura española |9 306261 | |
| 650 | 0 | |a Historia y crítica |9 257407 | |
| 650 | 0 | |a Crítica literaria |9 269189 | |
| 650 | 7 | |a LITERATURA MEDIEVAL ESPAÑOLA |2 CL-VaPUC |9 474353 | |
| 650 | 0 | |a Poesía española |9 264938 | |
| 583 | |a last modification |c 20080314 00:00:00 |k Rodrigo Vera | ||
| 490 | 0 | |a Biblioteca Conocimientos | |
| 999 | |c 328855 |d 328853 | ||
| 952 | |0 0 |1 0 |4 0 |6 860_900000000000000_SCA_1941 |7 0 |8 X |9 413036 |a FDOBUD |b FDOBUD |d 2019-11-22 |i 4411692 |o 860.9 SCA 1941 |p 4411692 |r 2019-11-22 |w 2019-11-22 |y BK_X |k BUD | ||